Gaming Quiz

Random Gaming or Nation Quiz

Top 8 of nations largest Smash tournaments Quiz Stats

 Plays Quiz not verified by Sporcle

Score 0/80 Timer 15:00
0 Plays Today
Hint Answer % Correct
Ultimate Fighting Arena 2019) (France- 490 entrants) - UtimateMr. R
100%
Ultimate Fighting Arena 2019) (France- 490 entrants) - UtimateGlutonny
100%
Syndicate 2019 (Netherlands- 640 entrants)- UltimateLight
100%
Syndicate 2019 (Netherlands- 640 entrants)- UltimateGlutonny
100%
EVO 2019 (USA- 3534 entrants)- UltimateMkLeo
93.5%
EVO 2019 (USA- 3534 entrants)- UltimateGlutonny
93.5%
EVO 2019 (USA- 3534 entrants)- UltimateTweek
93.5%
EVO 2019 (USA- 3534 entrants)- UltimateRaito
93.5%
EVO 2019 (USA- 3534 entrants)- UltimateSamsora
93.5%
EVO 2019 (USA- 3534 entrants)- UltimateZackray
93.5%
Umebura Japan Major 2019 (Japan- 1,015 entrants)- UltimateRaito
93.5%
Umebura Japan Major 2019 (Japan- 1,015 entrants)- UltimateZackray
93.5%
Albion 4 (UK- 896 entrants)- UltimateGlutonny
93.5%
Albion 4 (UK- 896 entrants)- UltimateRaito
93.5%
Get on My Level 2019 (Canada- 847 entrants)- UltimateTweek
93.5%
Get on My Level 2019 (Canada- 847 entrants)- UltimateMarss
93.5%
Get on My Level 2019 (Canada- 847 entrants)- UltimateMkLeo
93.5%
Get on My Level 2019 (Canada- 847 entrants)- UltimateSamsora
93.5%
Smash Factor 8 (Mexico- 532 entrants)- UltimateMarss
93.5%
Smash Factor 8 (Mexico- 532 entrants)- UltimateMkLeo
93.5%
Smash Factor 8 (Mexico- 532 entrants)- UltimateGlutonny
93.5%
EVO 2019 (USA- 3534 entrants)- UltimateProtoBanham
90.3%
EVO 2019 (USA- 3534 entrants)- UltimateLight
90.3%
Umebura Japan Major 2019 (Japan- 1,015 entrants)- UltimateProtoBanham
90.3%
Umebura Japan Major 2019 (Japan- 1,015 entrants)- UltimateKameme
87.1%
BEAST 6 (Sweden- 410 Entrants)- MeleeLeffen
87.1%
Albion 4 (UK- 896 entrants)- UltimateDabuz
83.9%
Albion 4 (UK- 896 entrants)- UltimateMr. R
83.9%
Smash Factor 8 (Mexico- 532 entrants)- UltimateMaister
83.9%
Smash Factor 8 (Mexico- 532 entrants)- UltimateMr. R
83.9%
BEAST 6 (Sweden- 410 Entrants)- MeleeArmada
80.6%
Ultimate Fighting Arena 2019) (France- 490 entrants) - UtimateKameme
80%
Ultimate Fighting Arena 2019) (France- 490 entrants) - UtimateSpace
80%
Ultimate Fighting Arena 2019) (France- 490 entrants) - UtimateMkLeo
80%
Umebura Japan Major 2019 (Japan- 1,015 entrants)- UltimateCosmos
74.2%
Get on My Level 2019 (Canada- 847 entrants)- UltimateESAM
74.2%
Get on My Level 2019 (Canada- 847 entrants)- UltimateCosmos
74.2%
Umebura Japan Major 2019 (Japan- 1,015 entrants)- UltimateTea
71%
Get on My Level 2019 (Canada- 847 entrants)- UltimateNairo
71%
Albion 4 (UK- 896 entrants)- UltimateMVD
67.7%
Hint Answer % Correct
Syndicate 2019 (Netherlands- 640 entrants)- UltimateSpace
66.7%
Syndicate 2019 (Netherlands- 640 entrants)- UltimatequiK
66.7%
Smash Factor 8 (Mexico- 532 entrants)- UltimateAbadango
64.5%
Ultimate Fighting Arena 2019) (France- 490 entrants) - UtimatequiK
60%
Battle Arena Melbourne 11 (Australia- 340 entrants)- UltimateMr. L
58.1%
BEAST 6 (Sweden- 410 Entrants)- MeleeIce
45.2%
Albion 4 (UK- 896 entrants)- UltimateYoung Eevey
41.9%
Ultimate Fighting Arena 2019) (France- 490 entrants) - UtimateHomika
40%
Umebura Japan Major 2019 (Japan- 1,015 entrants)- UltimateTsu
38.7%
Get on My Level 2019 (Canada- 847 entrants)- UltimateShoyo James
38.7%
BEAST 6 (Sweden- 410 Entrants)- MeleeWestballz
38.7%
Syndicate 2019 (Netherlands- 640 entrants)- UltimateTarik
33.3%
Syndicate 2019 (Netherlands- 640 entrants)- UltimateFlow
33.3%
Syndicate 2019 (Netherlands- 640 entrants)- UltimateOryon
33.3%
Syndicate 2019 (Netherlands- 640 entrants)- UltimateGreil
33.3%
Albion 4 (UK- 896 entrants)- UltimateScr7
32.3%
Albion 4 (UK- 896 entrants)- UltimateS1
32.3%
BEAST 6 (Sweden- 410 Entrants)- MeleeTrif
32.3%
BEAST 6 (Sweden- 410 Entrants)- MeleeProfessor Pro
32.3%
BEAST 6 (Sweden- 410 Entrants)- MeleeAmsah
32.3%
DoKomi 2019 (Germany- 318 entrants)- UltimateMeru
32.3%
Umebura Japan Major 2019 (Japan- 1,015 entrants)- UltimateRi-ma
22.6%
Smash Factor 8 (Mexico- 532 entrants)- UltimateRegi
22.6%
Battle Arena Melbourne 11 (Australia- 340 entrants)- UltimateTru4
22.6%
DoKomi 2019 (Germany- 318 entrants)- UltimateTru4
22.6%
Ultimate Fighting Arena 2019) (France- 490 entrants) - UtimateTru4
20%
Battle Arena Melbourne 11 (Australia- 340 entrants)- UltimateExtra
19.4%
Battle Arena Melbourne 11 (Australia- 340 entrants)- UltimateLuco
19.4%
DoKomi 2019 (Germany- 318 entrants)- UltimateTarik
19.4%
Smash Factor 8 (Mexico- 532 entrants)- UltimateYei
16.1%
Battle Arena Melbourne 11 (Australia- 340 entrants)- UltimateJoe
16.1%
DoKomi 2019 (Germany- 318 entrants)- UltimateSpace
16.1%
DoKomi 2019 (Germany- 318 entrants)- UltimateLucky
16.1%
DoKomi 2019 (Germany- 318 entrants)- UltimatePoww
12.9%
BEAST 6 (Sweden- 410 Entrants)- MeleeWobbles
9.7%
Battle Arena Melbourne 11 (Australia- 340 entrants)- UltimateGalacticus
9.7%
Battle Arena Melbourne 11 (Australia- 340 entrants)- UltimateIgnis
6.5%
DoKomi 2019 (Germany- 318 entrants)- UltimateTsuna
6.5%
DoKomi 2019 (Germany- 318 entrants)- UltimateTraX
3.2%
Battle Arena Melbourne 11 (Australia- 340 entrants)- UltimateEmanSaur
0%

You're not logged in!

Compare scores with friends on all Sporcle quizzes.
OR
Log In

Sporcle TV

Today on Sporcle TV


Watch our educational content, quiz creation guides, and fun videos on Sporcle TV.

Show Comments

Extras

Top Quizzes Today


Score Distribution

Your Account Isn't Verified!

In order to create a playlist on Sporcle, you need to verify the email address you used during registration. Go to your Sporcle Settings to finish the process.

Report this User

Report this user for behavior that violates our Community Guidelines.

Details: